Keating construction dispute resolution handbook (Record no. 115930)

MARC details
000 -LEADER
fixed length control field 02019cam a22004335a 4500
001 - CONTROL NUMBER
control field L159470
008 - FIXED-LENGTH DATA ELEMENTS--GENERAL INFORMATION
fixed length control field 170728s2017 xxk f 000 0 eng d
020 ## - INTERNATIONAL STANDARD BOOK NUMBER
International Standard Book Number 9780727761644
035 ## - SYSTEM CONTROL NUMBER
System control number (Sirsi) u159470
041 ## - LANGUAGE CODE
Language code of text/sound track or separate title eng
050 ## - LIBRARY OF CONGRESS CALL NUMBER
Classification number 347.4107
245 ## - TITLE STATEMENT
Title Keating construction dispute resolution handbook
250 ## - EDITION STATEMENT
Edition statement 3rd ed.
260 ## - PUBLICATION, DISTRIBUTION, ETC.
Place of publication, distribution, etc. London
Name of publisher, distributor, etc. ICE
Date of publication, distribution, etc. 2017
350 ## - PRICE (NR) (BK AM CF MU VM SE) [OBSOLETE]
Price 70
520 ## - SUMMARY, ETC.
Summary, etc. Provides straightforward and pragmatic advice on dealing with construction disputes, at all stages, using principles that are applicable internationally. The book covers the complete spectrum of dispute resolution expertise required by construction professionals. It covers all seven forms of construction dispute resolution: arbitration, adjudication, litigation, mediation, dispute boards, expert determination and early neutral evaluation. It also describes additional hybrid processes for international disputes involving a combination of these processes. Each procedure is clearly explained and compared with other procedures, and the book includes practical help and guidance on making effective use of procedures, and selecting the right methods and best strategy for satisfactory resolution of disputes, minimising time and costs.
650 ## - SUBJECT ADDED ENTRY--TOPICAL TERM
Topical term or geographic name entry element CONFLICT MANAGEMENT
650 ## - SUBJECT ADDED ENTRY--TOPICAL TERM
Topical term or geographic name entry element CONSTRUCTION DISPUTES
650 ## - SUBJECT ADDED ENTRY--TOPICAL TERM
Topical term or geographic name entry element Dispute resolution
9 (RLIN) 6236
650 ## - SUBJECT ADDED ENTRY--TOPICAL TERM
Topical term or geographic name entry element ADJUDICATION
650 24 - SUBJECT ADDED ENTRY--TOPICAL TERM
Topical term or geographic name entry element LITIGATION
650 24 - SUBJECT ADDED ENTRY--TOPICAL TERM
Topical term or geographic name entry element ARBITRATION
650 24 - SUBJECT ADDED ENTRY--TOPICAL TERM
Topical term or geographic name entry element MEDIATION
650 24 - SUBJECT ADDED ENTRY--TOPICAL TERM
Topical term or geographic name entry element EXPERT DETERMINATION
650 24 - SUBJECT ADDED ENTRY--TOPICAL TERM
Topical term or geographic name entry element EVALUATION
650 24 - SUBJECT ADDED ENTRY--TOPICAL TERM
Topical term or geographic name entry element DISPUTE RESOLUTION BOARD
651 #4 - SUBJECT ADDED ENTRY--GEOGRAPHIC NAME
Geographic name ENGLAND AND WALES
690 ## - LOCAL SUBJECT ADDED ENTRY--TOPICAL TERM (OCLC, RLIN)
Topical term or geographic name as entry element Dispute resolution
9 (RLIN) 6236
700 ## - ADDED ENTRY--PERSONAL NAME
Personal name Gaitskell, Robert
Titles and other words associated with a name Dr
International Standard Serial Number Editor
700 ## - ADDED ENTRY--PERSONAL NAME
Personal name O'Farrell, Finola
International Standard Serial Number Author
700 ## - ADDED ENTRY--PERSONAL NAME
Personal name Evans, Robert
International Standard Serial Number Author
700 1# - ADDED ENTRY--PERSONAL NAME
Personal name Lee, Jonathan
International Standard Serial Number Author
700 1# - ADDED ENTRY--PERSONAL NAME
Personal name Buckingham, Paul
International Standard Serial Number Author
700 1# - ADDED ENTRY--PERSONAL NAME
Personal name Coplin, Richard
International Standard Serial Number Author
700 1# - ADDED ENTRY--PERSONAL NAME
Personal name Chambers, Gaynor
International Standard Serial Number Author
700 1# - ADDED ENTRY--PERSONAL NAME
Personal name Lee, Krista
International Standard Serial Number Author
700 1# - ADDED ENTRY--PERSONAL NAME
Personal name Townend, Samuel
International Standard Serial Number Author
942 ## - ADDED ENTRY ELEMENTS (KOHA)
Suppress in OPAC 0
Holdings
Withdrawn status Lost status Source of classification or shelving scheme Damaged status Not for loan Home library Current library Shelving location Date acquired Total Checkouts Full call number Barcode Date last seen Copy number Price effective from Koha item type
    Dewey Decimal Classification     London London Books 28/07/2017   347.4107 GAI 30078433 06/08/2019 1 06/08/2019 Book